000 00715cam a22002295a 4500
001 16351583
005 20170105102912.0
008 100727s2010 vtu 000 0 eng
010 _a 2010933555
020 _a9780860787174 (hardcover : alk. paper)
040 _aDLC
_cDLC
042 _apcc
100 1 _aGilliot, Claude.
245 1 0 _aEducation and learning in the early islamic world /
_c[edited by] Claude Gilliot.
260 _aBurlington, VT :
_bAshgate,
_c2010.
263 _a1012
300 _ap. cm.
490 0 _aThe formation of the classical islamic world ;
_v43
906 _a0
_bibc
_corignew
_d2
_eepcn
_f20
_gy-gencatlg
942 _2ddc
_cBK
999 _c15192
_d15192